MEDICAL PHARMACOLOGY (Record no. 10548)

MARC details
000 -LEADER
fixed length control field 00336nam a22001577a 4500
003 - CONTROL NUMBER IDENTIFIER
control field SGT
020 ## - INTERNATIONAL STANDARD BOOK NUMBER
International Standard Book Number 978-81-239-2311-6
082 ## - DEWEY DECIMAL CLASSIFICATION NUMBER
Classification number 615
Item number M15U
100 ## - MAIN ENTRY--PERSONAL NAME
Personal name UDAYKUMAR, PADMAJA
245 ## - TITLE STATEMENT
Title MEDICAL PHARMACOLOGY
250 ## - EDITION STATEMENT
Edition statement 4TH
260 ## - PUBLICATION, DISTRIBUTION, ETC. (IMPRINT)
Place of publication, distribution, etc INDIA
Name of publisher, distributor, etc CBS
Year of Publication 2015
300 ## - PAGE DESCRIPTION
No. of Pages 668
650 ## - SUBJECT ADDED ENTRY--TOPICAL TERM
Topical term or geographic name as entry element PHARMACOLOGY
942 ## - ADDED ENTRY ELEMENTS (KOHA)
Source of classification or shelving scheme Dewey Decimal Classification
Koha item type Books
942 ## - ADDED ENTRY ELEMENTS (KOHA)
-- 249
Holdings
Withdrawn status Lost status Source of classification or shelving scheme Damaged status Not for loan Collection code Home library Current library Shelving location Date acquired Vendor Name Cost, normal purchase price SGTU Bill Number Total Checkouts Total Renewals Full call number Accession No. (Barcode) Date last seen Date last borrowed Bill Date Koha item type
    Dewey Decimal Classification     MEDICAL SGT Medical Library SGT Medical Library Text Book 20/01/2017 ABC 650.00 SGTU 6640 47 4 615 M15U FM7885 28/04/2025 31/03/2025 04/01/2016 Books
    Dewey Decimal Classification     MEDICAL SGT Medical Library SGT Medical Library Text Book 20/01/2017 ABC 650.00 SGTU 6640 39   615 M15U FM7886 18/06/2025 12/06/2025 04/01/2016 Books
    Dewey Decimal Classification     MEDICAL SGT Medical Library SGT Medical Library Text Book 20/01/2017 ABC 650.00 SGTU 6640 38   615 M15U FM7887 09/03/2026 19/02/2026 04/01/2016 Books
    Dewey Decimal Classification     MEDICAL SGT Medical Library SGT Medical Library Text Book 20/01/2017 ABC 650.00 SGTU 6640 42   615 M15U FM7888 14/06/2025 02/06/2025 04/01/2016 Books
    Dewey Decimal Classification     MEDICAL SGT Medical Library SGT Medical Library Text Book 20/01/2017 ABC 650.00 SGTU 6640 66   615 M15U FM7889 14/06/2025 02/06/2025 04/01/2016 Books
    Dewey Decimal Classification     MEDICAL SGT Medical Library SGT Medical Library Text Book 20/01/2017 ABC 650.00 SGTU 6640 50 1 615 M15U FM7890 19/11/2025 06/11/2025 04/01/2016 Books
    Dewey Decimal Classification     MEDICAL SGT Medical Library SGT Medical Library Text Book 20/01/2017 ABC 650.00 SGTU 6640 49   615 M15U FM7891 14/06/2025 10/06/2025 04/01/2016 Books
    Dewey Decimal Classification     MEDICAL SGT Medical Library SGT Medical Library Text Book 20/01/2017 ABC 650.00 SGTU 6640 43 3 615 M15U FM7892 05/06/2025 23/05/2025 04/01/2016 Books
    Dewey Decimal Classification     MEDICAL SGT Medical Library SGT Medical Library Text Book 20/01/2017 ABC 650.00 SGTU 6640 50   615 M15U FM7893 03/12/2025 19/11/2025 04/01/2016 Books
    Dewey Decimal Classification     MEDICAL SGT Medical Library SGT Medical Library Text Book 20/01/2017 ABC 650.00 SGTU 6640 49 2 615 M15U FM7894 09/12/2024 22/11/2024 04/01/2016 Books